| 000 | 00499nam a2200169 a 4500 | ||
|---|---|---|---|
| 001 | 1814 | ||
| 005 | 20140414131859.0 | ||
| 008 | 010327s19uu xx 00 eng d | ||
| 020 | _a971-8984-00-3 | ||
| 050 |
_aM 158 _bT15 1993 |
||
| 100 | _aTan, Earnest L. | ||
| 245 |
_aHow to attract love / _cEarnest L. Tan ; foreword by Ma. Lourdes Arellano-Carandang, Ph.D. |
||
| 260 |
_aQuezon City : _bSpiritus Works, _c1993. |
||
| 300 | _aixv., 124 p. ; cm. | ||
| 650 | _aInspirational. | ||
| 999 |
_c110582 _d110582 |
||